000 01085nam0a22002531i 4500
001 rc\3350187
005 20240726082246.0
021 _aRU
_b[73-19980а]
035 _a(NLR Aleph) 007521203
090 _a7725856
_c7725856
100 _a20130115d1973 |||y0rusy50 ca
101 0 _arus
102 _aRU
105 _ay d |||||
200 1 _aРеабилитационное лечение паралитического полиомиелита
_e(Клинико-электрофизиол. исследование)
_eАвтореф. дис. на соиск. учен. степени канд. мед. наук
_e(14.00.13)
_fТарт. гос. ун-т
210 _aТарту
_d1973
215 _a37 с.
320 _aСписок работ авт. в конце текста (5 назв.)
606 _aПолиомиелит
_xОсложнения и последствия
_xЛечение
_2psbo
700 1 _aТуулик
_bВ.О.-Э.
_gВийу Оскар-Эдуардовна
801 0 _aRU
_bNLR
_gpsbo
801 1 _aRU
_bELAR
_2rusmarc
852 _aNLR
_j73-6/10228
942 _cBOOK